[Event "Colonia de Sant Jordi op-A"]
[Site "Colonia de Sant Jordi"]
[Date "2022.06.08"]
[Round "5"]
[White "Marin Ferragut, Pau"]
[Black "Becker, Carsten"]
[Result "1-0"]
[WhiteElo "2072"]
[BlackElo "2006"]
[PlyCount "55"]
[EventDate "2022.06.04"]
[EventType "swiss"]
[EventRounds "9"]
[EventCountry "ESP"]
[SourceTitle "CBM 208 Extra"]
[Source "ChessBase"]
[SourceDate "2022.07.31"]
[SourceVersion "1"]
[SourceVersionDate "2022.07.31"]
[SourceQuality "1"]

1. e4 e6 2. d4 d5 3. Nd2 dxe4 4. Nxe4 Bd7 5. Nf3 Bc6 6. Neg5 Nd7 7. Bd3 Qf6 8. 0-0 h6 9. Ne4 Bxe4 10. Bxe4 0-0-0 11. c4 Nc5 12. Bc2 g5 13. Qe2 Na6 14. Be3 g4 15. Ne5 h5 16. a3 c5 17. Rad1 Nh6 18. b4 cxb4 19. c5 bxa3 20. Rb1 Nxc5 21. Bxh6 Bxh6 22. dxc5 Rd2 23. Qe4 Rd5 24. Nc4 a2 25. Nd6+ Kd8 26. Ra1 Ke7 27. Qb4 b6 28. Rxa2 1-0

[Event "Gibraltar Masters 10th"]
[Site "Caleta"]
[Date "2012.01.30"]
[Round "7"]
[White "Becker, Carsten"]
[Black "Vaarala, Eric"]
[Result "0-1"]
[WhiteElo "2001"]
[BlackElo "2238"]
[PlyCount "68"]
[EventDate "2012.01.24"]
[EventType "swiss"]
[EventRounds "10"]
[EventCountry "GGB"]
[SourceTitle "CBM 147"]
[Source "ChessBase"]
[SourceDate "2012.03.16"]
[SourceVersion "1"]
[SourceVersionDate "2012.03.16"]
[SourceQuality "1"]

1. e4 e6 2. d4 d5 3. e5 c5 4. c3 Nc6 5. Nf3 Qb6 6. Be2 f6 7. a3 Bd7 8. b4 fxe5 9. b5 Na5 10. Nxe5 Nf6 11. Bg5 Be7 12. Nxd7 Kxd7 13. 0-0 h6 14. dxc5 Bxc5 15. Bxf6 gxf6 16. c4 Bd4 17. cxd5 Bxa1 18. dxe6+ Kxe6 19. Qc2 Be5 20. Kh1 Ke7 21. f4 Rac8 22. Qg6 Rcg8 23. Qd3 Qd4 24. fxe5 Qxd3 25. exf6+ Kf7 26. Bxd3 Rd8 27. Be2 Rd5 28. Nc3 Re5 29. Bf3 Kxf6 30. Bxb7+ Ke7 31. Bf3 Rd8 32. h3 Rd3 33. Rc1 Nb3 34. Rc2 Nd4 0-1

[Event "Rheinland Pfalz op 2nd"]
[Site "Schweich"]
[Date "2010.07.16"]
[Round "3"]
[White "Becker, Carsten"]
[Black "Minz, Michail"]
[Result "0-1"]
[WhiteElo "1999"]
[BlackElo "2090"]
[PlyCount "150"]
[EventDate "2010.07.16"]
[EventType "swiss"]
[EventRounds "7"]
[EventCountry "GER"]
[SourceTitle "EXT 2012"]
[Source "ChessBase"]
[SourceDate "2011.11.24"]
[SourceVersion "1"]
[SourceVersionDate "2011.11.24"]
[SourceQuality "1"]

1. d4 d5 2. Nf3 Nf6 3. e3 Bg4 4. h3 Bh5 5. Bd3 c6 6. Nbd2 Nbd7 7. g4 Bg6 8. b3 e6 9. Bb2 Bd6 10. Qe2 Bxd3 11. cxd3 Qe7 12. Ne5 Ba3 13. Ndf3 Bxb2 14. Qxb2 Nxe5 15. Nxe5 Nd7 16. f4 f6 17. Nf3 0-0 18. 0-0 Rae8 19. Rae1 Qd6 20. Nh4 c5 21. Re2 g6 22. Ng2 Qa6 23. Qd2 cxd4 24. exd4 Qb6 25. Qe3 f5 26. g5 Nb8 27. Ne1 Nc6 28. Nf3 Re7 29. Rfe1 Rfe8 30. Kg2 a5 31. Ne5 Rc7 32. Nxc6 Rxc6 33. Qe5 Qb4 34. h4 Qd6 35. Qxd6 Rxd6 36. Rc2 Kf7 37. Rec1 Ke7 38. Kf1 Ra8 39. h5 Rd7 40. hxg6 hxg6 41. Rc8 Rxc8 42. Rxc8 Rd8 43. Rc2 Kd6 44. Rh2 Rd7 45. Rh8 Rg7 46. Ke2 Kc6 47. Kd2 Kd6 48. Kc3 Rc7+ 49. Kb2 Rg7 50. Ka3 b6 51. Ka4 Kc6 52. Rc8+ Kd7 53. Rc2 Rh7 54. Kb5 Rh4 55. Kxb6 Rxf4 56. Rc7+ Kd6 57. Rg7 Rxd4 58. Kxa5 Rxd3 59. Rxg6 Rg3 60. Kb5 f4 61. Rg7 f3 62. b4 d4 63. Kc4 e5 64. Rf7 Rxg5 65. Rf6+ Ke7 66. Rxf3 Ke6 67. Rd3 Rg2 68. a4 Rc2+ 69. Kb3 Rc8 70. a5 Kd5 71. a6 e4 72. Rh3 d3 73. a7 d2 74. Rh1 e3 75. Rd1 Ra8 0-1

[Event "Saarland-ch MB 85th"]
[Site "Homburg"]
[Date "2010.04.01"]
[Round "7"]
[White "Gehlen, Rolf"]
[Black "Becker, Carsten"]
[Result "1-0"]
[WhiteElo "1872"]
[BlackElo "1997"]
[PlyCount "124"]
[EventDate "2010.03.27"]
[EventType "swiss"]
[EventRounds "9"]
[EventCountry "GER"]
[SourceTitle "EXT 2011"]
[Source "ChessBase"]
[SourceDate "2010.11.26"]
[SourceVersion "1"]
[SourceVersionDate "2010.11.26"]
[SourceQuality "1"]

1. c4 Nf6 2. Nc3 c5 3. Nf3 Nc6 4. g3 g6 5. Bg2 Bg7 6. 0-0 0-0 7. a3 d6 8. d3 Bd7 9. Bd2 Qc8 10. Qc1 Re8 11. Rb1 Bh3 12. b4 Bxg2 13. Kxg2 Nd7 14. bxc5 dxc5 15. Bh6 Bh8 16. Ne4 b6 17. Qf4 f5 18. Neg5 e5 19. Qd2 Nf6 20. Nh3 f4 21. Bg5 Nh5 22. e3 Qg4 23. exf4 exf4 24. Nxf4 Ne5 25. Nxe5 Qxg5 26. Nf3 Nxf4+ 27. Qxf4 Qxf4 28. gxf4 Rf8 29. Kg3 Rad8 30. Rbd1 Bc3 31. Ng5 Rf5 32. f3 Rdf8 33. Rf2 h6 34. Nh3 Bd4 35. Re2 g5 36. Re4 gxf4+ 37. Kg2 Kf7 38. Rxf4 Rg8+ 39. Kh1 Rxf4 40. Nxf4 Re8 41. Kg2 Re3 42. Rd2 Re1 43. Ra2 Rd1 44. a4 Be5 45. Ne2 Rxd3 46. a5 Rb3 47. axb6 axb6 48. f4 Bf6 49. Rc2 Ke6 50. Ng3 Bd4 51. Kh3 b5 52. Kg4 b4 53. f5+ Ke5 54. Re2+ Re3 55. Ra2 b3 56. Ra6 Bc3 57. f6 b2 58. f7 h5+ 59. Nxh5 b1Q 60. f8Q Qd1+ 61. Kg5 Qg1+ 62. Kh6 Ke4 1-0

[Event "Saarland-ch MB 85th"]
[Site "Homburg"]
[Date "2010.03.27"]
[Round "2"]
[White "Becker, Carsten"]
[Black "Deutsch, Thomas"]
[Result "1/2-1/2"]
[WhiteElo "1997"]
[BlackElo "1926"]
[PlyCount "26"]
[EventDate "2010.03.27"]
[EventType "swiss"]
[EventRounds "9"]
[EventCountry "GER"]
[SourceTitle "EXT 2011"]
[Source "ChessBase"]
[SourceDate "2010.11.26"]
[SourceVersion "1"]
[SourceVersionDate "2010.11.26"]
[SourceQuality "1"]

1. d4 d5 2. Nf3 Nf6 3. e3 g6 4. h3 Bg7 5. b3 c5 6. Bb2 Nc6 7. Nbd2 0-0 8. g3 Qa5 9. c3 Re8 10. Bg2 cxd4 11. cxd4 Qa6 12. Qe2 b6 13. Qxa6 Bxa6 1/2-1/2

[Event "Wasselonne op"]
[Site "Wasselonne"]
[Date "2009.08.08"]
[Round "5"]
[White "Hirschberg, Valerian"]
[Black "Becker, Carsten"]
[Result "1-0"]
[WhiteElo "2095"]
[BlackElo "1990"]
[PlyCount "64"]
[EventDate "2009.08.06"]
[EventType "swiss"]
[EventRounds "7"]
[EventCountry "FRA"]
[SourceTitle "EXT 2011"]
[Source "ChessBase"]
[SourceDate "2010.11.26"]
[SourceVersion "1"]
[SourceVersionDate "2010.11.26"]
[SourceQuality "1"]

1. Nf3 Nf6 2. c4 c5 3. g3 g6 4. Bg2 Bg7 5. 0-0 0-0 6. d4 cxd4 7. Nxd4 Nc6 8. Nc3 a6 9. Nc2 d6 10. Rb1 Qa5 11. e4 Qh5 12. Qxh5 Nxh5 13. Nd5 Be6 14. b3 Rac8 15. Nb6 Rc7 16. Bb2 Bxb2 17. Rxb2 Ne5 18. Ne3 Rc6 19. Nbd5 Re8 20. f4 Nd7 21. g4 Ng7 22. Nb4 Rb6 23. Nd3 f6 24. Rd2 g5 25. e5 fxe5 26. fxe5 Nxe5 27. Nxe5 dxe5 28. Nd5 Rc6 29. h3 Rcc8 30. Re1 Bf7 31. Rxe5 Kf8 32. Nb6 Rcd8 1-0

[Event "GER-ch Net qual1 U18"]
[Site "Playchess.com INT"]
[Date "2008.06.01"]
[Round "1"]
[White "Becker, Carsten"]
[Black "Kahleys, Kevin"]
[Result "0-1"]
[WhiteElo "1989"]
[BlackElo "1955"]
[PlyCount "58"]
[EventDate "2008.06.01"]
[EventType "swiss (blitz)"]
[EventRounds "7"]
[EventCountry "GER"]
[SourceTitle "CBM 124 Extra"]
[Source "ChessBase"]
[SourceDate "2008.07.03"]
[SourceVersion "1"]
[SourceVersionDate "2008.07.03"]
[SourceQuality "1"]

1. d4 e6 2. Nf3 d5 3. e3 Nf6 4. Bd3 c5 5. b3 Nc6 6. Bb2 Be7 7. 0-0 0-0 8. Ne5 Nd7 9. f4 Qb6 10. c3 a5 11. Nd2 a4 12. g4 f6 13. g5 fxe5 14. Bxh7+ Kxh7 15. Qh5+ Kg8 16. fxe5 Bxg5 17. Qxg5 cxd4 18. Rxf8+ Nxf8 19. Kh1 dxe3 20. Rg1 Qc7 21. Nf3 Qe7 22. Qg4 axb3 23. axb3 Ra2 24. Bc1 g6 25. Bxe3 Qg7 26. Bd4 Nxd4 27. cxd4 Bd7 28. h4 Bb5 29. h5 Be2 0-1

[Event "GER-ch Net qual1 U18"]
[Site "Playchess.com INT"]
[Date "2008.06.01"]
[Round "6"]
[White "Becker, Carsten"]
[Black "Woellermann, Jan"]
[Result "1-0"]
[WhiteElo "1989"]
[BlackElo "2098"]
[PlyCount "125"]
[EventDate "2008.06.01"]
[EventType "swiss (blitz)"]
[EventRounds "7"]
[EventCountry "GER"]
[SourceTitle "CBM 124 Extra"]
[Source "ChessBase"]
[SourceDate "2008.07.03"]
[SourceVersion "1"]
[SourceVersionDate "2008.07.03"]
[SourceQuality "1"]

1. d4 f5 2. c4 Nf6 3. Nc3 d6 4. Bf4 g6 5. Qd2 Bg7 6. Bh6 0-0 7. Bxg7 Kxg7 8. f3 e5 9. 0-0-0 Qe7 10. h4 Nc6 11. e3 Bd7 12. d5 Nb8 13. Nh3 a6 14. Be2 b5 15. Rdg1 bxc4 16. g4 c6 17. gxf5 Bxf5 18. e4 Bxh3 19. Rxh3 c5 20. h5 Rh8 21. hxg6 h6 22. Rgh1 h5 23. Qg5 Nbd7 24. Rxh5 Rxh5 25. Rxh5 Rh8 26. Rxh8 Kxh8 27. Qh6+ Kg8 28. Bxc4 a5 29. Nb5 Ne8 30. Bf1 Qg7 31. Qxg7+ Kxg7 32. Bh3 Ndf6 33. Bf5 Ng8 34. Kc2 Ne7 35. Kb3 Nxg6 36. Ka4 Nh4 37. Bg4 Kf6 38. Kxa5 Kg5 39. Kb6 Kf4 40. a4 Nxf3 41. Bxf3 Kxf3 42. a5 Kxe4 43. a6 Kxd5 44. a7 Nf6 45. a8Q+ Kc4 46. Nxd6+ Kd4 47. Qa4+ Ke3 48. Nf5+ Kf3 49. Qh4 Ng4 50. Qg3+ Ke4 51. Qxg4+ Kd3 52. Qf3+ Kc4 53. Qe4+ Kb3 54. Qxe5 Kc2 55. Qc3+ Kd1 56. Ne3+ Ke2 57. Nc4 Kf2 58. Qe3+ Kg2 59. Nd2 Kh1 60. Qf3+ Kg1 61. Ne4 Kh2 62. Qg3+ Kh1 63. Nf2# 1-0

[Event "GER-ch Net qual1 U18"]
[Site "Playchess.com INT"]
[Date "2008.06.01"]
[Round "7"]
[White "Pogan, Nikolas"]
[Black "Becker, Carsten"]
[Result "1-0"]
[WhiteElo "1969"]
[BlackElo "1989"]
[PlyCount "53"]
[EventDate "2008.06.01"]
[EventType "swiss (blitz)"]
[EventRounds "7"]
[EventCountry "GER"]
[SourceTitle "CBM 124 Extra"]
[Source "ChessBase"]
[SourceDate "2008.07.03"]
[SourceVersion "1"]
[SourceVersionDate "2008.07.03"]
[SourceQuality "1"]

1. e4 e6 2. d4 c5 3. c3 Nf6 4. Bd3 d6 5. Nf3 Nc6 6. Nbd2 Qc7 7. Nf1 Be7 8. Ne3 a6 9. d5 Ne5 10. Nxe5 dxe5 11. c4 0-0 12. 0-0 b5 13. b3 Rb8 14. Bd2 Bd6 15. f3 exd5 16. cxd5 Bd7 17. Rc1 Qb6 18. Kh1 Rbc8 19. g4 Rc7 20. Nf5 Bxf5 21. gxf5 Kh8 22. Qe1 Qb7 23. Qh4 Be7 24. Qh3 Rd7 25. Rg1 Rc8 26. Qg3 Bf8 27. Qxe5 1-0

[Event "Saarland-ch MA"]
[Site "Eppelborn"]
[Date "2008.03.18"]
[Round "5"]
[White "Becker, Carsten"]
[Black "Siebert, Viktor"]
[Result "1/2-1/2"]
[WhiteElo "2019"]
[BlackElo "2113"]
[PlyCount "66"]
[EventDate "2008.03.14"]
[EventType "swiss"]
[EventRounds "9"]
[EventCountry "GER"]
[SourceTitle "EXT 2010"]
[Source "ChessBase"]
[SourceDate "2010.11.25"]
[SourceVersion "1"]
[SourceVersionDate "2010.11.25"]
[SourceQuality "1"]

1. d4 d5 2. Nf3 Nf6 3. e3 e6 4. Bd3 Be7 5. 0-0 Nbd7 6. Ne5 c5 7. b3 Qc7 8. Bb2 Bd6 9. f4 a6 10. Nd2 b5 11. c4 Rb8 12. cxb5 axb5 13. dxc5 Bxe5 14. fxe5 Nxe5 15. Qe2 Nxd3 16. Bxf6 gxf6 17. Qxd3 f5 18. b4 Rg8 19. Nf3 Rg4 20. Nd4 Ke7 21. Rf4 Rg6 22. Nxb5 Rxb5 23. Qxb5 e5 24. Rf2 Ba6 25. Qa5 Qc8 26. Rc1 Bc4 27. Qa7+ Kf8 28. Rxc4 dxc4 29. b5 Qd8 30. c6 Qd1+ 31. Rf1 Rxg2+ 32. Kxg2 Qe2+ 33. Rf2 Qg4+ 1/2-1/2

[Event "GER-ch internet U18 qual 03"]
[Site "Playchess.com INT"]
[Date "2007.06.10"]
[Round "4"]
[White "Becker, Carsten"]
[Black "Colpe, Malte"]
[Result "0-1"]
[WhiteElo "1930"]
[BlackElo "1995"]
[PlyCount "142"]
[EventDate "2007.06.10"]
[EventType "swiss (blitz)"]
[EventRounds "7"]
[EventCountry "GER"]
[SourceTitle "EXT 2009"]
[Source "ChessBase"]
[SourceDate "2008.11.26"]
[SourceVersion "1"]
[SourceVersionDate "2008.11.26"]
[SourceQuality "1"]

1. d4 Nf6 2. Nf3 e5 3. dxe5 Ng8 4. Bg5 Be7 5. Qd2 Nc6 6. Nc3 Bxg5 7. Nxg5 Nxe5 8. 0-0-0 d6 9. e4 h6 10. f4 Nc6 11. Nxf7 Kxf7 12. e5 Be6 13. f5 Bxf5 14. Bc4+ Kf8 15. Rhf1 Nge7 16. g4 Nxe5 17. Be2 g6 18. gxf5 Nxf5 19. Ne4 Kg7 20. Rg1 Rf8 21. Qc3 Rf7 22. Bh5 Nh4 23. Be2 Kh7 24. Qh3 Rf4 25. Bd3 Nxd3+ 26. Qxd3 Nf3 27. Rg3 Ne5 28. Qe3 g5 29. Rh3 Kg7 30. Rg1 Qe7 31. Qxf4 Rf8 32. Qd2 Nf3 33. Rxf3 Rxf3 34. Qd4+ Qe5 35. Qxe5+ dxe5 36. Ng3 Rf2 37. h3 Rh2 38. Rh1 Rg2 39. Ne4 Re2 40. Nd2 e4 41. Kd1 Re3 42. Re1 Rxh3 43. Nxe4 Kg6 44. Rf1 Rh4 45. Nf6 Rf4 46. Rxf4 gxf4 47. Nd5 Kf5 48. Ke2 Kg4 49. Kf2 h5 50. c4 h4 51. Nxc7 h3 52. Ne6 f3 53. Nd4 h2 54. Nxf3 h1Q 55. Ne5+ Kf5 56. Nd3 Qh2+ 57. Ke3 Qg1+ 58. Kd2 Qg2+ 59. Kc3 Qf1 60. b4 Qa1+ 61. Kb3 Qb1+ 62. Kc3 Ke4 63. Nc5+ Ke5 64. Nxb7 Qxa2 65. Nc5 Qa3+ 66. Nb3 Ke4 67. c5 Kd5 68. Kc2 Qxb4 69. Kb2 Kc4 70. Ka2 Qxb3+ 71. Ka1 Kc3 0-1

[Event "GER-ch U18"]
[Site "Willingen"]
[Date "2007.05.29"]
[Round "6"]
[White "Becker, Carsten"]
[Black "Kesten, Sebastian"]
[Result "1/2-1/2"]
[WhiteElo "1930"]
[BlackElo "2017"]
[PlyCount "98"]
[EventDate "2007.05.26"]
[EventType "swiss"]
[EventRounds "9"]
[EventCountry "GER"]
[SourceTitle "CBM 118 Extra"]
[Source "ChessBase"]
[SourceDate "2007.07.04"]
[SourceVersion "1"]
[SourceVersionDate "2007.07.04"]
[SourceQuality "1"]

1. d4 Nf6 2. Nf3 g6 3. Nc3 d5 4. Bf4 c5 5. dxc5 Qa5 6. e3 Qxc5 7. Be5 Be6 8. Ng5 Nc6 9. Nxe6 fxe6 10. Bb5 Bg7 11. Qd4 Qb6 12. Qxb6 axb6 13. Bd4 0-0 14. Bxb6 Nd7 15. Bc7 Bxc3+ 16. bxc3 Rfc8 17. Bxc6 bxc6 18. Bg3 Nc5 19. f3 Ra3 20. Kd2 Rca8 21. Rhb1 Rxa2 22. Rb8+ Rxb8 23. Rxa2 Rb7 24. Ra8+ Kf7 25. Rc8 Rb6 26. Rh8 h5 27. Rh7+ Kf8 28. Bf4 Rb7 29. Bh6+ Kg8 30. Rg7+ Kh8 31. g4 hxg4 32. fxg4 Ne4+ 33. Kc1 Nxc3 34. Rxg6 Rb1+ 35. Kd2 Ne4+ 36. Ke2 Rg1 37. g5 Rg2+ 38. Kd1 Rd2+ 39. Kc1 Rxh2 40. Rxe6 Rh5 41. Rxe7 Nxg5 42. Bg7+ Kg8 43. Bd4 Ne4 44. Rc7 Rh6 45. Kb2 Rg6 46. Kb3 Kf8 47. Kb4 Re6 48. Ka5 Ke8 49. Bb6 Nd2 1/2-1/2